|
|
|
|
| LEADER |
00000nam a22000007a 4500 |
| 005 |
20220512232546.0 |
| 007 |
cr|||| |||| |
| 008 |
220512s2020 br |||||s|||| 00||0 por d |
| 020 |
|
|
|a 978-65-5883-020-7
|
| 035 |
|
|
|a 36393
|
| 040 |
|
|
|a vLex
|
| 090 |
|
|
|c 13330
|d 13330
|
| 100 |
1 |
|
|a Sv̀io Zainaghi, Domingos
|
| 245 |
1 |
2 |
|a Os atletas profissionais de futebol no direito do trabalho
|h [Recurso electrn̤ico] /
|c Domingos Sv̀io Zainaghi
|
| 256 |
|
|
|a Servicio en ln̕ea
|
| 260 |
|
|
|a San Pablo:
|b LTR,
|c 2020
|
| 300 |
|
|
|a 1 recurso electrn̤ico
|
| 500 |
|
|
|a Esta obra foi pioneira no Brasil a tratar da profissô de atleta profissional de futebol aps̤ a Constituiȯ̂ de 1988, e inspirou dezenas de outros trabalhos sobre o tema. Portanto, ̌um cls̀sico do Direito do Trabalho Desportivo, indispensv̀el para todos os que militam nessa r̀ea, como atletas, dirigentes, juz̕es, advogados, procuradores do trabalho e, por que nô dizer, at ̌para torcedores, ou seja, ̌obra dirigida a todos os que se interessam pela atividade de jogador profissional de futebol. Apresenta desde a histr̤ia do futebol e sua chegada ao Brasil, desmistificando informaė̳s equivocadas sobre este esporte em nosso pas̕, a comeȧr por Charles Miller, que era brasileiro (e nô ingls̊, como muitos afirmam). O livro apresenta o estudo do contrato de trabalho do jogador de futebol, a jornada de trabalho, a remuneraȯ̂, a suspensô e interrupȯ̂ de contrato de trabalho, a MP 984/20, as puniė̳s e os direitos e deveres de clubes e atletas. Traz, no final, o texto atualizado da Lei n. 9.615/98 (Lei Pel)̌ e seu regulamento.
|
| 506 |
1 |
|
|a Disponible solo en los productos indicados
|d vLex Global
|d vLex Global (Academic Edition, excluding Law Schools)
|d vLex Global (U.S. Academic Edition, Law Schools)
|d vLex Global (U.S. Academic Edition, excluding Law Schools)
|d vLex Global (Academic Edition, Law Schools)
|
| 650 |
0 |
4 |
|a Derecho Laboral y Seguridad Social
|z Brasil
|
| 740 |
0 |
|
|a vLex Libros (Servicio en ln̕ea)
|
| 856 |
4 |
0 |
|u https://app.vlex.com/#/sources/36393
|z Acceso restringido
|
| 942 |
|
|
|c BOOK
|
| 999 |
0 |
|
|a Labor law and social security
|